Digital Electronics: An Introduction to Sequential Logic Design (Record no. 7972)
[ view plain ]
| 000 -LEADER | |
|---|---|
| fixed length control field | 00425 a2200145 4500 |
| 040 ## - CATALOGING SOURCE | |
| Original cataloging agency | DLC |
| Language of cataloging | DLC |
| 082 ## - DEWEY DECIMAL CLASSIFICATION NUMBER | |
| Classification number | 621.381 |
| 100 ## - MAIN ENTRY--PERSONAL NAME | |
| Personal name | NIIT |
| 245 ## - TITLE STATEMENT | |
| Title | Digital Electronics: An Introduction to Sequential Logic Design |
| Statement of responsibility, etc. | NIIT |
| 260 ## - PUBLICATION, DISTRIBUTION, ETC. | |
| Place of publication, distribution, etc. | New Delhi : |
| Name of publisher, distributor, etc. | Prentice-Hall of India Pvt.Ltd, |
| Date of publication, distribution, etc. | 2004. |
| 300 ## - PHYSICAL DESCRIPTION | |
| Extent | vi, 171p. : |
| Other physical details | ill. : |
| Dimensions | 24 cm. |
| 500 ## - GENERAL NOTE | |
| General note | Include Index |
| 650 ## - SUBJECT ADDED ENTRY--TOPICAL TERM | |
| Topical term or geographic name entry element | Digital Electronics |
| 942 ## - ADDED ENTRY ELEMENTS (KOHA) | |
| Koha item type | Book |
| Call number prefix | 621.381 NII |
| Source of classification or shelving scheme | |
| Withdrawn status | Lost status | Damaged status | Not for loan | Collection code | Permanent Location | Current Location | Shelving location | Date acquired | Source of acquisition | Cost, normal purchase price | Total Checkouts | Full call number | Barcode | Date last seen | Price effective from | Koha item type | Total Renewals | Date last checked out |
|---|---|---|---|---|---|---|---|---|---|---|---|---|---|---|---|---|---|---|
| Central Library (CL) | Central Library (CL) | General Stacks | 05/19/2004 | Pak Book Corporation | 235.02 | 621.381 NII | SEECS004526 | 11/14/2012 | 01/05/2017 | Book | ||||||||
| Central Library (CL) | Central Library (CL) | General Stacks | 05/19/2004 | Pak Book Corporation | 235.02 | 1 | 621.381 NII | SEECS004528 | 08/22/2024 | 01/05/2017 | Book | 1 | 07/01/2024 | |||||
| Central Library (CL) | Central Library (CL) | General Stacks | 05/19/2004 | Pak Book Corporation | 235.02 | 621.381 NII | SEECS004529 | 11/14/2012 | 01/05/2017 | Book | ||||||||
| Central Library (CL) | Central Library (CL) | General Stacks | 05/19/2004 | Pak Book Corporation | 235.02 | 621.381 NII | SEECS004527 | 11/14/2012 | 01/05/2017 | Book | ||||||||
| Central Library (CL) | Central Library (CL) | General Stacks | 05/19/2004 | Pak Book Corporation | 235.02 | 621.381 NII | SEECS004525 | 11/14/2012 | 01/05/2017 | Book |
